[Event "SRB Central-ch op-B 7th"]
[Site "Paracin"]
[Date "2014.07.09"]
[Round "7"]
[White "Ljangov, Petar"]
[Black "Raykov, Stefan"]
[Result "1-0"]
[WhiteElo "2046"]
[BlackElo "1845"]
[PlyCount "141"]
[EventDate "2014.07.04"]
[EventType "swiss"]
[EventRounds "9"]
[EventCountry "SRB"]
[SourceTitle "CBM 161 Extra"]
[Source "ChessBase"]
[SourceDate "2014.08.29"]
[SourceVersion "1"]
[SourceVersionDate "2014.08.29"]
[SourceQuality "1"]

1. e4 c5 2. Nf3 e6 3. a3 Nc6 4. Nc3 a6 5. d4 cxd4 6. Nxd4 Qc7 7. Be3 Nf6 8. Bd3 b5 9. 0-0 Bb7 10. Qe2 Ne5 11. h3 Rc8 12. f4 Nc4 13. Bxc4 bxc4 14. e5 Nd5 15. Nxd5 Bxd5 16. c3 Rb8 17. Rad1 Be4 18. Qf2 Be7 19. Rd2 0-0 20. Rfd1 Bd3 21. Nf3 Rfd8 22. Qg3 Rb7 23. b4 Qc6 24. Nd4 Qe4 25. Qf3 a5 26. Qxe4 Bxe4 27. Ne2 g6 28. bxa5 Bd5 29. Bb6 Rc8 30. Nd4 Bc5 31. Bxc5 Rxc5 32. a6 Rb6 33. Ra1 Rxa6 34. Kf2 Rca5 35. Rda2 Kf8 36. Ke3 Ke8 37. g4 Ke7 38. g5 d6 39. exd6+ Kxd6 40. Nc2 Kc5 41. h4 Ra7 42. Kf2 Bc6 43. Nd4 Bd7 44. Ke3 Rb7 45. a4 Rba7 46. Nf3 Rxa4 47. Rxa4 Rxa4 48. Rxa4 Bxa4 49. Ne5 Be8 50. Ng4 Ba4 51. Nf6 Bc2 52. Nxh7 Bd3 53. Nf6 Bf5 54. Nd7+ Kd5 55. Ne5 Bh3 56. Nxf7 Bf5 57. Ne5 Bc2 58. Nd7 Bd3 59. Nf6+ Kd6 60. Kd4 Be2 61. Ne4+ Kc6 62. Ke5 Bg4 63. Nf6 Bf5 64. h5 gxh5 65. Nxh5 Kd7 66. Ng7 Bg4 67. Kf6 Bh3 68. g6 Bg4 69. f5 exf5 70. Nxf5 Ke8 71. g7 1-0

[Event "SRB Central-ch op-B 7th"]
[Site "Paracin"]
[Date "2014.07.08"]
[Round "6"]
[White "Emmanouilidis, Athanasios"]
[Black "Ljangov, Petar"]
[Result "1-0"]
[WhiteElo "1880"]
[BlackElo "2046"]
[PlyCount "83"]
[EventDate "2014.07.04"]
[EventType "swiss"]
[EventRounds "9"]
[EventCountry "SRB"]
[SourceTitle "CBM 161 Extra"]
[Source "ChessBase"]
[SourceDate "2014.08.29"]
[SourceVersion "1"]
[SourceVersionDate "2014.08.29"]
[SourceQuality "1"]

1. d4 Nf6 2. c4 e6 3. Nc3 Bb4 4. Nf3 c5 5. g3 Nc6 6. d5 Na5 7. Qd3 exd5 8. cxd5 0-0 9. Bg2 d6 10. h3 a6 11. 0-0 b5 12. Bg5 Bxc3 13. Qxc3 b4 14. Bxf6 Qxf6 15. Qxf6 gxf6 16. Nd2 Re8 17. Rfe1 Kg7 18. a3 b3 19. Rac1 Rb8 20. Rc3 Bd7 21. e4 f5 22. e5 Rxe5 23. Rxe5 dxe5 24. Rxc5 Bb5 25. d6 Rd8 26. a4 Rxd6 27. axb5 axb5 28. Rxb5 Rxd2 29. Rxa5 Rxb2 30. Rxe5 Rc2 31. Rb5 b2 32. Bf1 Rd2 33. Kg2 Kf6 34. Bc4 Ke7 35. Kf3 Kd6 36. Ke3 Rc2 37. Bd3 f4+ 38. gxf4 Rc3 39. Kd2 Rc8 40. Rxb2 Ke6 41. Rb6+ Ke7 42. Rh6 1-0

[Event "SRB Central-ch op-B 7th"]
[Site "Paracin"]
[Date "2014.07.08"]
[Round "5"]
[White "Ljangov, Petar"]
[Black "Rakic, Ognjan"]
[Result "1-0"]
[WhiteElo "2046"]
[BlackElo "1809"]
[PlyCount "77"]
[EventDate "2014.07.04"]
[EventType "swiss"]
[EventRounds "9"]
[EventCountry "SRB"]
[SourceTitle "CBM 161 Extra"]
[Source "ChessBase"]
[SourceDate "2014.08.29"]
[SourceVersion "1"]
[SourceVersionDate "2014.08.29"]
[SourceQuality "1"]

1. e4 e6 2. d4 d5 3. Nc3 Nf6 4. Bg5 Be7 5. e5 Nfd7 6. Bxe7 Qxe7 7. f4 g6 8. Nf3 a6 9. Qd2 c5 10. dxc5 Nxc5 11. Bd3 Bd7 12. 0-0-0 Nxd3+ 13. cxd3 Nc6 14. Kb1 b5 15. Ne2 Qb4 16. Qxb4 Nxb4 17. Ned4 Rc8 18. a3 Nc6 19. Nxc6 Bxc6 20. Nd4 Kd7 21. Rc1 Bb7 22. Rxc8 Rxc8 23. Rc1 Rxc1+ 24. Kxc1 Bc6 25. b4 Kc7 26. Kd2 Kb6 27. Ke3 Be8 28. g4 Kc7 29. h4 Kd7 30. Nb3 Kc6 31. Kd4 Kb6 32. Nd2 Kc6 33. Nf3 h6 34. Ng1 Kb6 35. Ne2 Kc6 36. Ng3 Kb6 37. h5 Kc6 38. g5 hxg5 39. h6 1-0

[Event "SRB Central-ch op-B 7th"]
[Site "Paracin"]
[Date "2014.07.07"]
[Round "4"]
[White "Jakovljevic, Dejan"]
[Black "Ljangov, Petar"]
[Result "1-0"]
[WhiteElo "1962"]
[BlackElo "2046"]
[PlyCount "57"]
[EventDate "2014.07.04"]
[EventType "swiss"]
[EventRounds "9"]
[EventCountry "SRB"]
[SourceTitle "CBM 161 Extra"]
[Source "ChessBase"]
[SourceDate "2014.08.29"]
[SourceVersion "1"]
[SourceVersionDate "2014.08.29"]
[SourceQuality "1"]

1. e4 c5 2. c3 Nf6 3. e5 Nd5 4. d4 cxd4 5. Qxd4 e6 6. Nf3 Nc6 7. Qe4 d6 8. Bb5 Bd7 9. c4 Nc7 10. Bg5 Qc8 11. exd6 Bxd6 12. 0-0 0-0 13. Nc3 h6 14. Rfd1 Ne8 15. Qh4 f6 16. Be3 Nb8 17. Ne4 Be7 18. Ne5 Bc6 19. Ng6 Rf7 20. Rd3 Nd7 21. Bxh6 gxh6 22. Rg3 Kh7 23. Rh3 Rg7 24. Qxh6+ Kg8 25. Nxe7+ Rxe7 26. Qh8+ Kf7 27. Rh7+ Kg6 28. Rxe7 Ne5 29. Qh7# 1-0

[Event "SRB Central-ch op-B 7th"]
[Site "Paracin"]
[Date "2014.07.05"]
[Round "3"]
[White "Ljangov, Petar"]
[Black "Zivanovic, Blagoje"]
[Result "1/2-1/2"]
[WhiteElo "2046"]
[BlackElo "1931"]
[PlyCount "122"]
[EventDate "2014.07.04"]
[EventType "swiss"]
[EventRounds "9"]
[EventCountry "SRB"]
[SourceTitle "CBM 161 Extra"]
[Source "ChessBase"]
[SourceDate "2014.08.29"]
[SourceVersion "1"]
[SourceVersionDate "2014.08.29"]
[SourceQuality "1"]

1. e4 e5 2. Nf3 Nf6 3. Nxe5 d6 4. Nc4 Nxe4 5. Qe2 Qe7 6. d3 Nf6 7. Bg5 Be6 8. Nc3 d5 9. Nd2 c6 10. Nb3 h6 11. Bh4 g5 12. Bg3 Bg7 13. Nd4 Nh5 14. Nxe6 Qxe6 15. Kd2 Nxg3 16. Qxe6+ fxe6 17. hxg3 0-0 18. Nd1 Nd7 19. Be2 Rae8 20. Re1 e5 21. Rf1 Nc5 22. c3 d4 23. cxd4 exd4 24. Bg4 Na6 25. Rc1 Nb4 26. a3 Nd5 27. Re1 Rxe1 28. Kxe1 Re8+ 29. Kf1 Nf4 30. Bf3 h5 31. Rc2 g4 32. Be2 Nd5 33. Kg1 Kf7 34. Kf1 Kg6 35. Kg1 Kf5 36. Kf1 Kg6 37. Kg1 Bf6 38. Kf1 Kf5 39. Kg1 Bg5 40. Kf1 Ke6 41. f4 gxf3 42. gxf3 Rf8 43. Kg2 Rg8 44. Kh3 Kd6 45. Bf1 Be3 46. Rg2 Ke6 47. f4 Kf5 48. Be2 Bxf4 49. Bf3 Bd6 50. Bxd5 cxd5 51. Rf2+ Ke6 52. Re2+ Kd7 53. Rg2 Rf8 54. Rf2 Rg8 55. Rg2 Ke6 56. Re2+ Be5 57. Rg2 Rg4 58. Rg1 Rg5 59. Kh4 Rg8 60. Rg2 Rf8 61. Rf2 Rg8 1/2-1/2

[Event "SRB Central-ch op-B 7th"]
[Site "Paracin"]
[Date "2014.07.05"]
[Round "2"]
[White "Nikolic, Milan"]
[Black "Ljangov, Petar"]
[Result "0-1"]
[WhiteElo "1832"]
[BlackElo "2046"]
[PlyCount "90"]
[EventDate "2014.07.04"]
[EventType "swiss"]
[EventRounds "9"]
[EventCountry "SRB"]
[SourceTitle "CBM 161 Extra"]
[Source "ChessBase"]
[SourceDate "2014.08.29"]
[SourceVersion "1"]
[SourceVersionDate "2014.08.29"]
[SourceQuality "1"]

1. Nf3 Nf6 2. c4 b6 3. g3 c5 4. Bg2 Bb7 5. 0-0 g6 6. b3 Bg7 7. Bb2 0-0 8. e3 d6 9. d4 Nbd7 10. Nbd2 Qc7 11. Rc1 Ne4 12. Qc2 Nxd2 13. Qxd2 Nf6 14. d5 Ne4 15. Qc2 Bxb2 16. Qxb2 Nf6 17. Rfe1 e5 18. Nh4 Qe7 19. f4 Rae8 20. a3 exf4 21. exf4 Qd8 22. b4 Rxe1+ 23. Rxe1 Re8 24. Rxe8+ Nxe8 25. f5 Bc8 26. fxg6 fxg6 27. Nf3 Qe7 28. bxc5 bxc5 29. Kf2 Bg4 30. Ne1 Qf6+ 31. Qxf6 Nxf6 32. Ke3 Bc8 33. Bf3 Ba6 34. Be2 Kf7 35. Ng2 Nd7 36. Kd2 Kf6 37. Nf4 Nb6 38. Kc3 g5 39. Ne6 Nxd5+ 40. cxd5 Bxe2 41. Nd8 Bb5 42. Kb3 g4 43. a4 Bd7 44. a5 Ke7 45. Nb7 a6 0-1

[Event "Varna op-B 8th"]
[Site "Varna"]
[Date "2014.06.23"]
[Round "5"]
[White "Ljangov, Petar"]
[Black "Shoshin, Valery"]
[Result "1/2-1/2"]
[WhiteElo "2031"]
[BlackElo "1792"]
[PlyCount "52"]
[EventDate "2014.06.19"]
[EventType "swiss"]
[EventRounds "9"]
[EventCountry "BUL"]
[SourceTitle "CBM 161 Extra"]
[Source "ChessBase"]
[SourceDate "2014.08.29"]
[SourceVersion "1"]
[SourceVersionDate "2014.08.29"]
[SourceQuality "1"]

1. Nf3 c5 2. e4 g6 3. Bc4 Bg7 4. 0-0 Nc6 5. c3 e6 6. Re1 Nge7 7. e5 d6 8. exd6 Qxd6 9. d3 0-0 10. Nbd2 b6 11. Ne4 Qc7 12. Bg5 Nf5 13. Bf6 Bb7 14. Qe2 Bxf6 15. Nxf6+ Kg7 16. Ne4 Rfd8 17. Rad1 h6 18. Bb3 Rd7 19. Bc2 Rad8 20. Ng3 Nxg3 21. hxg3 Ba6 22. Qe3 Rd6 23. Rd2 f6 24. Red1 e5 25. Bb3 Qd7 26. Ba4 Qg4 1/2-1/2

[Event "Golden Sands Europe op 3rd"]
[Site "Golden Sands"]
[Date "2014.06.10"]
[Round "1"]
[White "Petrisor, Adrian Marian"]
[Black "Ljangov, Petar"]
[Result "1/2-1/2"]
[WhiteElo "2432"]
[BlackElo "2031"]
[PlyCount "115"]
[EventDate "2014.06.10"]
[EventType "swiss"]
[EventRounds "9"]
[EventCountry "BUL"]
[SourceTitle "CBM 160 Extra"]
[Source "ChessBase"]
[SourceDate "2014.07.01"]
[SourceVersion "1"]
[SourceVersionDate "2014.07.01"]
[SourceQuality "1"]

1. d4 Nf6 2. c4 e6 3. Nc3 Bb4 4. Nf3 c5 5. dxc5 Bxc5 6. Bg5 Qb6 7. e3 Qxb2 8. Rc1 Bb4 9. Qd2 Qxd2+ 10. Nxd2 d6 11. Be2 Nc6 12. 0-0 0-0 13. Rfd1 Ne8 14. Bf3 f6 15. Bh4 Ne5 16. Be2 Bd7 17. Bg3 Nf7 18. Rc2 Bc6 19. Rb1 Ba5 20. Nb3 Bxc3 21. Rxc3 b6 22. Nd4 Be4 23. Ra1 Nc7 24. f3 Bb7 25. a4 e5 26. Nc2 Na6 27. a5 bxa5 28. Rxa5 Nc5 29. Nb4 a6 30. Nd5 Bxd5 31. cxd5 Rfb8 32. h4 Rb2 33. Bf1 Nd8 34. e4 Ndb7 35. Ra1 a5 36. Bf2 a4 37. Be3 Rb3 38. Rxb3 Nxb3 39. Ra3 N7c5 40. Bb5 Nd4 41. Bc6 Rb8 42. Ra2 Rb4 43. Bd2 Rb1+ 44. Kh2 Ndb3 45. Be3 Ra1 46. Bxc5 Rxa2 47. Bxd6 Nd4 48. Be8 Nxf3+ 49. Kg3 Nd2 50. Be7 Nxe4+ 51. Kf3 f5 52. g4 g6 53. h5 Kg7 54. d6 Nxd6 55. h6+ Kxh6 56. Bf8+ Kg5 57. Be7+ Kh6 58. Bf8+ 1/2-1/2

[Event "Albena Masters op"]
[Site "Albena"]
[Date "2014.06.05"]
[Round "5"]
[White "Ljangov, Petar"]
[Black "Janchev, Petar"]
[Result "1/2-1/2"]
[WhiteElo "2031"]
[BlackElo "2184"]
[PlyCount "120"]
[EventDate "2014.06.01"]
[EventType "swiss"]
[EventRounds "9"]
[EventCountry "BUL"]
[SourceTitle "CBM 160 Extra"]
[Source "ChessBase"]
[SourceDate "2014.07.01"]
[SourceVersion "1"]
[SourceVersionDate "2014.07.01"]
[SourceQuality "1"]

1. e4 d6 2. d4 Nf6 3. Nc3 Nbd7 4. g3 e5 5. Bg2 Be7 6. Nge2 0-0 7. 0-0 c6 8. a4 a5 9. h3 Qc7 10. Be3 Re8 11. Qd2 Bf8 12. g4 exd4 13. Bxd4 Ne5 14. b3 Nfd7 15. Ng3 Nc5 16. f4 Ng6 17. Qf2 b6 18. Nf5 Ba6 19. Rfe1 Rad8 20. Kh1 Ne7 21. Rg1 Nc8 22. Rae1 Bb7 23. Rgf1 Ne6 24. Be3 d5 25. exd5 cxd5 26. Nb5 Qb8 27. Nbd4 Nc5 28. Ng3 Nd6 29. Bd2 Nde4 30. Nxe4 Nxe4 31. Bxe4 dxe4 32. Kh2 Rd7 33. Be3 Bb4 34. Rd1 Red8 35. Qe2 Bc5 36. c3 Qc8 37. Qf2 Ba6 38. Rfe1 Qc7 39. Kg1 Qc8 40. Rd2 Bb7 41. Red1 Bd5 42. c4 Bb7 43. Nf5 Rd3 44. Bxc5 Qxc5 45. Qxc5 bxc5 46. Rxd3 exd3 47. Ne7+ Kf8 48. Nd5 Bxd5 49. Rxd3 Ke7 50. cxd5 Kd6 51. Kf2 Re8 52. Re3 Rb8 53. Rd3 Rb4 54. Kf3 Rb7 55. Ke3 Re7+ 56. Kf3 Re1 57. Kf2 Re7 58. Kf3 Re1 59. Kf2 Re8 60. Kf3 Re1 1/2-1/2

[Event "BUL-ch sf 78th"]
[Site "Plovdiv"]
[Date "2014.02.10"]
[Round "1"]
[White "Popchev, Milko"]
[Black "Ljangov, Petar"]
[Result "1/2-1/2"]
[WhiteElo "2417"]
[BlackElo "2074"]
[PlyCount "62"]
[EventDate "2014.02.10"]
[EventType "swiss"]
[EventRounds "9"]
[EventCountry "BUL"]
[SourceTitle "CBM 158 Extra"]
[Source "ChessBase"]
[SourceDate "2014.02.28"]
[SourceVersion "1"]
[SourceVersionDate "2014.02.28"]
[SourceQuality "1"]

1. Nf3 Nf6 2. g3 c5 3. Bg2 g6 4. 0-0 Bg7 5. d3 0-0 6. e4 Nc6 7. c4 d6 8. Nc3 h6 9. a3 Rb8 10. Rb1 b6 11. b4 Bb7 12. Nd5 e5 13. Nxf6+ Qxf6 14. b5 Nd8 15. Ne1 Qe7 16. Nc2 Ne6 17. a4 Nd4 18. Nxd4 exd4 19. a5 Qc7 20. Bd2 Kh7 21. axb6 axb6 22. Ra1 Ra8 23. Qe2 Rxa1 24. Rxa1 Ra8 25. Rxa8 Bxa8 26. h3 Qa7 27. Kh2 Bb7 28. Bf3 Kg8 29. Kg2 Qa8 30. h4 h5 31. Bf4 Qd8 1/2-1/2

[Event "Plovdiv Tringov Memorial 36th"]
[Site "Plovdiv"]
[Date "2014.02.03"]
[Round "2"]
[White "Abramovic, Bosko"]
[Black "Ljangov, Petar"]
[Result "1-0"]
[WhiteElo "2436"]
[BlackElo "2074"]
[PlyCount "103"]
[EventDate "2014.02.02"]
[EventType "swiss"]
[EventRounds "9"]
[EventCountry "BUL"]
[SourceTitle "CBM 158 Extra"]
[Source "ChessBase"]
[SourceDate "2014.02.28"]
[SourceVersion "1"]
[SourceVersionDate "2014.02.28"]
[SourceQuality "1"]

1. e4 c5 2. Nf3 d6 3. d3 Nc6 4. g3 Nf6 5. Bg2 g6 6. 0-0 Bg7 7. Re1 e5 8. Nbd2 0-0 9. a3 h6 10. c3 Be6 11. b4 a6 12. Bb2 cxb4 13. cxb4 Rc8 14. Rc1 b5 15. d4 Nxd4 16. Nxd4 exd4 17. Bxd4 Ng4 18. Bxg7 Kxg7 19. Rxc8 Bxc8 20. Qa1+ Qf6 21. h3 Qxa1 22. Rxa1 Nf6 23. Rc1 Bd7 24. f4 Rc8 25. Rxc8 Bxc8 26. Kf2 Kf8 27. Ke3 Ke7 28. e5 Nd7 29. Kd4 dxe5+ 30. fxe5 f6 31. exf6+ Kxf6 32. Ne4+ Ke7 33. Nf2 Kd6 34. h4 Nf6 35. Bf3 g5 36. Nd3 g4 37. Bd1 Nh5 38. Ne5 Nxg3 39. Nf7+ Ke7 40. Nxh6 Nf5+ 41. Nxf5+ Bxf5 42. Ke3 g3 43. Bf3 Bh3 44. Bb7 Kf6 45. Kf3 g2 46. Kf2 Ke5 47. Bxg2 Bd7 48. Ke3 Be8 49. Bb7 Kd6 50. Kf4 a5 51. bxa5 Kc5 52. Kg5 1-0

[Event "Blagoevgrad op"]
[Site "Blagoevgrad"]
[Date "2013.09.29"]
[Round "3"]
[White "Ljangov, Petar"]
[Black "Spassov, Liuben"]
[Result "0-1"]
[WhiteElo "2054"]
[BlackElo "2327"]
[PlyCount "96"]
[EventDate "2013.09.28"]
[EventType "swiss"]
[EventRounds "9"]
[EventCountry "BUL"]
[SourceTitle "CBM 156 Extra"]
[Source "ChessBase"]
[SourceDate "2013.10.22"]
[SourceVersion "1"]
[SourceVersionDate "2013.10.22"]
[SourceQuality "1"]

1. e4 c5 2. Nf3 e6 3. c3 Nf6 4. Bd3 d6 5. Bc2 Nc6 6. 0-0 Qc7 7. Re1 g6 8. h3 Bg7 9. d3 0-0 10. Nbd2 Rb8 11. Nf1 b5 12. Bd2 b4 13. Qc1 bxc3 14. bxc3 Re8 15. Rb1 Rxb1 16. Bxb1 Nd7 17. Ne3 Nde5 18. Nxe5 Nxe5 19. f4 Nd7 20. Qa3 Nf6 21. Bc2 Bd7 22. Nc4 Rb8 23. Rb1 Rxb1+ 24. Bxb1 d5 25. Ne5 dxe4 26. dxe4 Be8 27. Be3 Nh5 28. Qxc5 Qxc5 29. Bxc5 Nxf4 30. Bd4 f6 31. Nd3 Ne2+ 32. Kf2 Nxd4 33. cxd4 Kf7 34. Bc2 Ke7 35. Bb3 Kd6 36. Ke3 Bh6+ 37. Kf3 Bc6 38. Nb4 Bb7 39. d5 f5 40. dxe6 fxe4+ 41. Kg3 Bc8 42. e7 Kxe7 43. Nc6+ Kd6 44. Nxa7 Ba6 45. a4 Bd3 46. Nb5+ Ke5 47. Bd1 Bf4+ 48. Kg4 Bd2 0-1

[Event "SRB Central-ch op-B 6th"]
[Site "Paracin"]
[Date "2013.07.09"]
[Round "6"]
[White "Dragojevic, Dragan"]
[Black "Ljangov, Petar"]
[Result "0-1"]
[WhiteElo "1971"]
[BlackElo "2010"]
[PlyCount "131"]
[EventDate "2013.07.05"]
[EventType "swiss"]
[EventRounds "9"]
[EventCountry "SRB"]
[SourceTitle "CBM 155 Extra"]
[Source "ChessBase"]
[SourceDate "2013.08.26"]
[SourceVersion "1"]
[SourceVersionDate "2013.08.26"]
[SourceQuality "1"]

1. e4 c5 2. f4 d6 3. Nf3 Nf6 4. d3 Nc6 5. Be2 g6 6. 0-0 Bg7 7. c3 0-0 8. Na3 Rb8 9. Bd2 a6 10. Nc2 b5 11. Qe1 b4 12. Qh4 bxc3 13. bxc3 Rb2 14. Bd1 c4 15. f5 cxd3 16. Ne3 Ne5 17. Nxe5 dxe5 18. Nc4 Rb5 19. Bb3 Bb7 20. Rae1 Qa8 21. fxg6 fxg6 22. Re3 Rd8 23. Rh3 Bc8 24. Rxf6 exf6 25. Qxh7+ Kf8 26. Bh6 Qb7 27. Be3 Qc7 28. Bc1 Bxh3 29. Ba3+ Rc5 30. Qxh3 Kg8 31. Bxc5 Qxc5+ 32. Qe3 Bf8 33. Kf2 Rc8 34. Qxc5 Bxc5+ 35. Ke1 Bg1 36. Kd2 Bxh2 37. Kxd3 Rd8+ 38. Ke2 Bg1 39. g4 Kg7 40. Na5 Rd6 41. Bd5 Kf8 42. c4 Rd7 43. Nc6 Bc5 44. Kd3 Kg7 45. Kc3 Bd6 46. Kb3 Rb7+ 47. Kc2 Ba3 48. Kc3 Bb2+ 49. Kc2 Ba1 50. a4 Rb2+ 51. Kd3 Rg2 52. Nb4 Rg3+ 53. Ke2 a5 54. Na6 Bd4 55. c5 Rc3 56. c6 Bb6 57. Kd2 Ra3 58. c7 Bxc7 59. Nxc7 Rxa4 60. Ne8+ Kf8 61. Nxf6 Ke7 62. g5 Ra3 63. Ng4 Rg3 64. Nxe5 Rxg5 65. Nc6+ Kd6 66. Nxa5 0-1

[Event "SRB Central-ch op-B 6th"]
[Site "Paracin"]
[Date "2013.07.06"]
[Round "2"]
[White "Van Steenkiste, Luc"]
[Black "Ljangov, Petar"]
[Result "0-1"]
[WhiteElo "1833"]
[BlackElo "2010"]
[PlyCount "40"]
[EventDate "2013.07.05"]
[EventType "swiss"]
[EventRounds "9"]
[EventCountry "SRB"]
[SourceTitle "CBM 155 Extra"]
[Source "ChessBase"]
[SourceDate "2013.08.26"]
[SourceVersion "1"]
[SourceVersionDate "2013.08.26"]
[SourceQuality "1"]

1. d4 Nf6 2. f3 d6 3. e4 e5 4. c3 Be7 5. Be3 0-0 6. Bd3 Nbd7 7. Ne2 c6 8. 0-0 d5 9. Nd2 dxe4 10. fxe4 Ng4 11. Bf2 Bg5 12. Ng3 Nxf2 13. Kxf2 Nf6 14. Kg1 Ng4 15. Nf3 Ne3 16. Qe2 Nxf1 17. Rxf1 exd4 18. Nxd4 g6 19. e5 Qe7 20. Ngf5 gxf5 0-1

[Event "Varna op 7th"]
[Site "Varna"]
[Date "2013.06.27"]
[Round "9"]
[White "Tishova, Svetlana"]
[Black "Ljangov, Petar"]
[Result "1/2-1/2"]
[WhiteElo "1702"]
[BlackElo "2049"]
[PlyCount "115"]
[EventDate "2013.06.19"]
[EventType "swiss"]
[EventRounds "9"]
[EventCountry "BUL"]
[SourceTitle "CBM 155 Extra"]
[Source "ChessBase"]
[SourceDate "2013.08.26"]
[SourceVersion "1"]
[SourceVersionDate "2013.08.26"]
[SourceQuality "1"]

1. e4 c5 2. Nf3 d6 3. d4 cxd4 4. Qxd4 Nc6 5. Bb5 Bd7 6. Bxc6 Bxc6 7. Nc3 Nf6 8. Bg5 e6 9. 0-0-0 Be7 10. Qd3 a6 11. Nd4 Rc8 12. f4 Qc7 13. f5 Ng4 14. Be3 Ne5 15. Qe2 Bd7 16. fxe6 fxe6 17. Qh5+ g6 18. Qh3 Nc4 19. Bh6 e5 20. Ne6 Bxe6 21. Qxe6 Nxb2 22. Qb3 Nxd1 23. Nxd1 Qc4 24. Ne3 Qxb3 25. axb3 Kd7 26. Rd1 Ke6 27. Nd5 Bd8 28. Be3 Rf8 29. Kb2 Rf7 30. Rd2 h6 31. Rd1 Bg5 32. Bxg5 hxg5 33. Rd2 Rcf8 34. Ne3 Rf2 35. Kc3 Rxd2 36. Kxd2 Rf2+ 37. Kd3 b5 38. b4 Rf7 39. Nd5 Ra7 40. Nc3 g4 41. Nd5 Rh7 42. Ne3 Rxh2 43. Kc3 g3 44. Kd3 g5 45. Ke2 g4 46. c3 Rh1 47. Nxg4 Rc1 48. Kd2 Ra1 49. Ne3 Ra2+ 50. Kd3 Kf6 51. Nd5+ Kg5 52. Ne3 Rb2 53. Nc2 Kf6 54. Ne3 Ra2 55. Nd5+ Ke6 56. Ne3 Rb2 57. Nc2 Ra2 58. Ne3 1/2-1/2

[Event "Golden Sands Europe op 2nd"]
[Site "Golden Sands"]
[Date "2013.06.10"]
[Round "1"]
[White "Dimitrov, Radoslav"]
[Black "Ljangov, Petar"]
[Result "1-0"]
[WhiteElo "2429"]
[BlackElo "2049"]
[PlyCount "123"]
[EventDate "2013.06.10"]
[EventType "swiss"]
[EventRounds "9"]
[EventCountry "BUL"]
[SourceTitle "CBM 154 Extra"]
[Source "ChessBase"]
[SourceDate "2013.06.25"]
[SourceVersion "2"]
[SourceVersionDate "2013.06.25"]
[SourceQuality "1"]

1. c4 e6 2. d4 Nf6 3. Nc3 Bb4 4. e3 c5 5. Nge2 cxd4 6. exd4 d5 7. a3 Be7 8. c5 b6 9. b4 0-0 10. Ng3 bxc5 11. bxc5 Nc6 12. Bb5 Bd7 13. 0-0 a6 14. Bxc6 Bxc6 15. Bg5 Nd7 16. Bxe7 Qxe7 17. Qd3 g6 18. f4 Rfb8 19. Rfb1 Qd8 20. Rb4 Qa5 21. Qb1 Qc7 22. Nge2 a5 23. Rxb8+ Rxb8 24. Qc2 Qb7 25. Rb1 Qa6 26. Rxb8+ Nxb8 27. Qb3 Nd7 28. Nc1 Kg7 29. a4 f6 30. Nb5 Qb7 31. Qd3 Nb8 32. Nb3 Qa6 33. Kf2 Bd7 34. h4 h5 35. f5 exf5 36. Qg3 Bxb5 37. axb5 Qxb5 38. Qc7+ Kh6 39. Qd8 Kh7 40. Qxd5 Kg7 41. Nxa5 Qxa5 42. Qb7+ Kh6 43. Qxb8 g5 44. Qh8+ Kg6 45. Qg8+ Kh6 46. hxg5+ fxg5 47. Qe6+ Kg7 48. Qe5+ Kg6 49. Qd6+ Kf7 50. Qd7+ Kf6 51. Qc6+ Kf7 52. Qb7+ Ke8 53. Qb2 Kd7 54. Qb7+ Ke8 55. Ke2 f4 56. c6 Qa2+ 57. Kd3 Qa3+ 58. Ke4 Qe3+ 59. Kd5 Qd2 60. Qd7+ Kf8 61. Ke6 Qe3+ 62. Kf6 1-0

[Event "Albena Masters op"]
[Site "Albena"]
[Date "2013.06.01"]
[Round "1"]
[White "Ljangov, Petar"]
[Black "Smith, Bryan G"]
[Result "0-1"]
[WhiteElo "2049"]
[BlackElo "2467"]
[PlyCount "112"]
[EventDate "2013.06.01"]
[EventType "swiss"]
[EventRounds "9"]
[EventCountry "BUL"]
[SourceTitle "CBM 154 Extra"]
[Source "ChessBase"]
[SourceDate "2013.06.25"]
[SourceVersion "2"]
[SourceVersionDate "2013.06.25"]
[SourceQuality "1"]

1. d4 Nf6 2. g3 c5 3. dxc5 e6 4. Bg2 Bxc5 5. Nf3 0-0 6. 0-0 d5 7. Nbd2 Nc6 8. c4 Bb6 9. cxd5 exd5 10. b3 Bg4 11. Bb2 Re8 12. h3 Bh5 13. g4 Bg6 14. Nh4 Nd4 15. Bf3 Bc2 16. Qe1 Nxg4 17. Bxg4 Qxh4 18. Bxd4 Bxd4 19. Nf3 Qf6 20. Nxd4 Qxd4 21. e3 Qe5 22. Qb4 Be4 23. Qd4 Qxd4 24. exd4 f5 25. Bh5 Re6 26. Kh2 Rc8 27. Rfc1 Rec6 28. Rxc6 Rxc6 29. Re1 g6 30. Be2 f4 31. f3 Bf5 32. Bf1 Kf7 33. h4 Rc3 34. Kg2 h6 35. Kf2 a5 36. Re5 Be6 37. Bb5 Kf6 38. Bf1 Rc1 39. Re1 Rc7 40. Re5 g5 41. hxg5+ hxg5 42. Bd3 Rc3 43. Bf1 g4 44. fxg4 Bxg4 45. Rxd5 Rc2+ 46. Kg1 Rxa2 47. Rc5 Rd2 48. Rxa5 Rxd4 49. Rb5 Rd1 50. Kf2 Rd2+ 51. Ke1 Rb2 52. Rb4 Kg5 53. Bd3 f3 54. Kd1 f2+ 55. Kc1 Be2 56. Rb5+ Kg4 0-1

[Event "Veliko Tarnovo op"]
[Site "Veliko Tarnovo"]
[Date "2013.05.03"]
[Round "4"]
[White "Ljangov, Petar"]
[Black "Gazis, Efstathios"]
[Result "0-1"]
[WhiteElo "2077"]
[BlackElo "2279"]
[PlyCount "128"]
[EventDate "2013.05.01"]
[EventType "swiss"]
[EventRounds "9"]
[EventCountry "BUL"]
[SourceTitle "CBM 154 Extra"]
[Source "ChessBase"]
[SourceDate "2013.06.25"]
[SourceVersion "2"]
[SourceVersionDate "2013.06.25"]
[SourceQuality "1"]

1. e4 e6 2. d4 d5 3. Nc3 Bb4 4. e5 c5 5. Bd2 Ne7 6. a3 Bxc3 7. Bxc3 Nbc6 8. Nf3 cxd4 9. Nxd4 Nxe5 10. Nxe6 Bxe6 11. Bxe5 0-0 12. Bd3 Nc6 13. Bc3 d4 14. Bd2 Qh4 15. 0-0 Ne5 16. Be2 Rfd8 17. Be1 Qf6 18. f4 Nc6 19. Bd3 Bf5 20. Bxf5 Qxf5 21. Rf3 Rac8 22. Qd3 Ne7 23. Rc1 h5 24. Qxf5 Nxf5 25. Rd3 Re8 26. Bf2 Re4 27. g3 a6 28. Rd2 b5 29. Rcd1 Rc4 30. Kf1 Re6 31. Bxd4 Nxd4 32. Rxd4 Rxc2 33. R4d2 Rec6 34. Kg1 Kh7 35. Kg2 Kg6 36. Kf3 a5 37. h3 b4 38. axb4 axb4 39. Re2 Rxe2 40. Kxe2 Kf5 41. Rd5+ Ke4 42. Re5+ Kd4 43. Rxh5 Rc2+ 44. Kf3 Rxb2 45. Rg5 Rc2 46. Rb5 Rc4 47. Ke2 Kc3 48. Kd1 Kb2 49. Rb7 Rd4+ 50. Ke2 b3 51. Rxf7 Rb4 52. Kd2 Rd4+ 53. Ke2 Ka3 54. Ra7+ Ra4 55. Rb7 b2 56. Rxb2 Kxb2 57. Kf3 Kc3 58. Kg4 Kd4 59. Kf5 Ra6 60. g4 Ke3 61. Kg5 Kf3 62. f5 Kg3 63. Kh5 Kf4 64. h4 Rh6# 0-1